| 000 | 00898nam a2200265 a 4500 | ||
|---|---|---|---|
| 001 | BRCA_8432 | ||
| 005 | 20190320210258.0 | ||
| 008 | 960329s1983----mx-a#####b---#001-0aspa-d | ||
| 020 | _a9688013153 | ||
| 040 |
_aBXM _cBXM _dPL# |
||
| 041 | _aspa | ||
| 044 | _amx | ||
| 050 | 4 |
_aND259.K3 _b.F75 1983 |
|
| 245 | 1 | 0 | _aFrida Kahlo, Tina Modotti. |
| 260 |
_aMéxico _bINBA : Museo Nacional de Arte _c1983 |
||
| 300 |
_a114 p. _bil. (algunas a color) _c27 cm. |
||
| 500 | _aIncluye catálogo de obra | ||
| 500 | _aCatálogo de la exposición realizada en el Museo Nacional de Arte (Ciudad de México), junio-agosto, 1983 | ||
| 504 | _aBibliografía : p. 102-104 | ||
| 600 | 1 | 4 |
_aKahlo, Frida _d1907-1954 _94922 |
| 600 | 1 | 4 |
_aModotti, Tina _d1896-1942 _95387 |
| 650 | 1 | 4 |
_aPintoras _ySiglo XX _zMéxico _94923 |
| 650 | 1 | 4 |
_aMujeres fotógrafas _vBiografía _ySiglo XIX-XX _zItalia _921123 |
| 942 |
_2lcc _cB |
||
| 999 |
_c8099 _d8099 |
||